=LDR 00000nam 2200000 4500 =001 INLIS000000000036599 =005 20130612142357 =008 ***********************************Ind** =035 ##$$0010-061300000036599 =041 ##$$a Ind =082 ##$$a 028.5 =090 ##$$a 028.5, Dam w =100 ##$$a Dami, Andrea =245 ##$$a Woodland = kutan, Andrea Dami ; alih bahasa, Rosi L Simamora =260 ##$$a 2006 $b Jakarta =300 ##$$a 8 hlm, ilus, 25 cm =650 ##$$a Bacaan kanak-kanak =700 ##$$a Simamora, Rosi L =850 ##$$a NBPNMAT